000 00552nam a22002057a 4500
003 OSt
005 20210414103830.0
008 210310s1973 ||||| |||| 00| 0 eng d
040 _aeng
_beng
_cDLC
041 _aeng
080 _a821.111
_bL-96
100 _91335
_aLudlum Robert
245 _aThe Matlock Paper
_c/ by: A Dell Book
260 _aNew York
_bA Dell Book
_c1974
300 _a384 p.
365 _b1.75 usd
650 0 _9254
_aEnglish literature
653 _aინგლისური ლიტერატურა
942 _2udc
_cBK
999 _c2105
_d2105